header

Wireless OFDM systems (Record no. 77121)

MARC details
000 -LEADER
fixed length control field 01526nam a22003614a 4500
082 04 - DEWEY DECIMAL CLASSIFICATION NUMBER
Classification number 004.6/8
245 00 - TITLE STATEMENT
Title Wireless OFDM systems
260 ## - PUBLICATION, DISTRIBUTION, ETC. (IMPRINT)
Place of publication Boston :
Name of publisher Kluwer Academic Publishers,
Year of publication c2002.
300 ## - PHYSICAL DESCRIPTION
Number of Pages xxiii, 205 p. :
Other physical details ill.
490 1# - SERIES STATEMENT
Series statement The Kluwer international series in engineering and computer science ;
650 #0 - SUBJECT ADDED ENTRY--TOPICAL TERM
Topical Term Wireless LANs.
Topical Term Wireless communication systems.
Topical Term Wavelength division multiplexing.
Topical Term Orthogonalization methods.
700 1# - ADDED ENTRY--PERSONAL NAME
Personal name Engels, Marc.
856 40 - ELECTRONIC LOCATION AND ACCESS
Uniform Resource Identifier http://site.ebrary.com/lib/rucke/Doc?id=10048288

No items available.

© 2026 Rongo University
Contact us: librarian | system librarian | Rongo university